| 000 | 00415nam a22001697a 4500 | ||
|---|---|---|---|
| 003 | NUST | ||
| 005 | 20240121164851.0 | ||
| 008 | 240121b ||||| |||| 00| 0 eng d | ||
| 082 |
_a891.4393 _bAHM |
||
| 100 |
_aUmaira Ahmad _92510 |
||
| 245 | _aQaid e tanhai | ||
| 260 |
_aLahore _bIlm-o-irhan Publisher _c2011 |
||
| 300 | _a520 p. | ||
| 650 | _aUrdu literature | ||
| 700 |
_aUmaira Ahmad _92510 |
||
| 942 |
_cBK _2ddc |
||
| 999 |
_c11457 _d11457 |
||